000 00811cam a2200241 a 4500
001 4452783
005 20180302042522.0
008 950711s1996 ncua b s001 0 eng
010 _a 95035013
020 _a0807822612 (cloth : alk. paper)
040 _aDLC
_cDLC
_dDLC
041 _aeng
043 _an-us---
080 _a306.20973 BRO
082 0 0 _a306.20973 BRO
_220
100 1 _a50
101 _aSOC
245 1 4 _aThe strength of a people :
_cRichard D. Brown.
504 _aIncludes bibliographical references (p. 209-243) and index.
906 _a7
_bcbc
_corignew
_d1
_eocip
_f19
_gy-gencatlg
942 _2ddc
_cBK
999 _c43970
_d43970